Entry Nombre personal
001 - NÚMERO DE CONTROL
- campo de control: 130465
003 - IDENTIFICADOR DE NÚMERO DE CONTROL
- campo de control: SpMaBN
005 - FECHA Y HORA DE LA ÚLTIMA TRANSACCIÓN
- campo de control: 20250724042049.0
008 - ELEMENTOS DE DATO DE LONGITUD-FIJA
- campo de control de longitud fija: 120208n azznnaabn n aac ##
040 ## - FUENTE DE CATALOGACIÓN
- Centro catalogador/agencia de origen: SpMaBN
- Lengua de catalogación: spa
- Centro/agencia transcriptor: SpMaBN
- Normas de descripción: rdc
- Convención/Normas de encabezamiento de materia/tesauro: embne
046 ## - FECHAS CON CODIFICACIÓN ESPECIAL
- Fecha de nacimiento: -470
- Fecha de la muerte: -413
100 0# - ENCABEZAMIENTO-NOMBRE DE PERSONA
- Nombre de persona: Nicias,
- Fechas asociadas al nombre: ca. 470-413 a.C.
400 0# - TRAZADO DE VÉASE--NOMBRE DE PERSONA
- Nombre de persona: Nicia,
- Fechas asociadas al nombre: ca. 470-413 a.C.
670 ## - FUENTE DE DATOS ENCONTRADOS
- Cita de la fuente: [VITA DE NICIA, entre 1518 y 1525?]
- Información encontrada: inscripción dentro de la imagen ("NICIA")
670 ## - FUENTE DE DATOS ENCONTRADOS
- Cita de la fuente: WWW.Wikipedia, 8-2-2012
- Información encontrada: (Nicias hacia 470-413 a.C., general y estadista ateniense durante la Guerra del Peloponeso)
